Mechanics of machines: elementary theory and examples (Record no. 7454)

000 -LEADER
fixed length control field 01218nam a2200217Ia 4500
008 - FIXED-LENGTH DATA ELEMENTS--GENERAL INFORMATION
fixed length control field 200103s 1984 ||||xx |||||||||||||| ||und||
020 ## - INTERNATIONAL STANDARD BOOK NUMBER
International Standard Book Number 0713134712
082 ## - DEWEY DECIMAL CLASSIFICATION NUMBER
Classification number 621.811
Item number HAN
100 ## - MAIN ENTRY--PERSONAL NAME
Personal name Hannah, J
245 #0 - TITLE STATEMENT
Title Mechanics of machines: elementary theory and examples
250 ## - EDITION STATEMENT
Edition statement 4th
260 ## - PUBLICATION, DISTRIBUTION, ETC. (IMPRINT)
Name of publisher, distributor, etc Edward Arnold
Date of publication, distribution, etc 1984
Place of publication, distribution, etc London
300 ## - PHYSICAL DESCRIPTION
Extent x, 298 p: ill.
504 ## - BIBLIOGRAPHY, ETC. NOTE
Bibliography, etc Table of Contents<br/><br/>Dynamics<br/>Simple harmonic motion<br/>Velocity and acceleration<br/>Cams<br/>Crank effort diagrams<br/>Governors<br/>Balancing<br/>Friction<br/>Friction clutches<br/>Belt drives and band brakes<br/>Spur gearing<br/>Gear trains<br/>Introduction to automatic control<br/>Appendix
520 ## - SUMMARY, ETC.
Summary, etc For the fourth edition the text has been revised throughout and outdated examples and problems have been replaced by a greater number of more recent ones. These revisions have been especially significant in the chapters on general dynamics and velocity and acceleration. In addition the inclusion of a new chapter on automatic control systems serves to introduce the student to this important topic.
650 ## - SUBJECT ADDED ENTRY--TOPICAL TERM
Topical term or geographic name as entry element Machinery
650 ## - SUBJECT ADDED ENTRY--TOPICAL TERM
Topical term or geographic name as entry element Mechanics, Applied
650 ## - SUBJECT ADDED ENTRY--TOPICAL TERM
Topical term or geographic name as entry element Mechanical engineering
700 ## - ADDED ENTRY--PERSONAL NAME
Personal name Stephens, R C
Relator term Co-author
942 ## - ADDED ENTRY ELEMENTS (KOHA)
Item type Books
Holdings
Withdrawn status Lost status Source of classification or shelving scheme Damaged status Not for loan Collection code Permanent location Current location Shelving location Date acquired Full call number Barcode Date last seen Koha item type Public note Total Checkouts Total Renewals Date last borrowed
          Non-fiction IMU-MPC Library IMU-MPC Library General Stacks 2020-01-08 621.811 HAN LBS9083 2024-04-12 Books Column - 32      
          Non-fiction IMU-MPC Library IMU-MPC Library General Stacks 2020-01-08 621.811 HAN MPC2637 2025-03-17 Books Column - 32      
          Non-fiction IMU-MPC Library IMU-MPC Library General Stacks 2020-01-08 621.811 HAN LBS10217 2025-03-17 Books Column - 32 1 1 2022-01-31
          Non-fiction IMU-MPC Library IMU-MPC Library General Stacks 2020-01-08 621.811 HAN MPC2636 2025-03-17 Books Column - 32      
          Non-fiction IMU-MPC Library IMU-MPC Library General Stacks 2020-01-08 621.811 HAN MPC2635 2025-03-17 Books Column - 32      
          Non-fiction IMU-MPC Library IMU-MPC Library General Stacks 2020-01-08 621.811 HAN LBS9233 2024-04-12 Books Column - 32      
          Non-fiction IMU-MPC Library IMU-MPC Library General Stacks 2020-01-08 621.811 HAN LBS10218 2025-03-17 Books Column - 32      
          Non-fiction IMU-MPC Library IMU-MPC Library General Stacks 2020-01-08 621.811 HAN MPC1777 2025-03-17 Books Column - 32      
Copyright © 2021 Indian Maritime University, Mumbai Port Campus. All Rights Reserved. Managed & Maintained by Central Library, IMU-Mumbai

webs counters

Powered by Koha